000 00841nam a2200241 a 4500
001 000044891
005 20240530073923.0
008 150115s2013 dr ac r 000 f spa d
020 _a9789945475616
040 _aDO-SdBNP
_bspa
_cBNPHU
082 _aRD863.4
_bC764t
100 1 _aContreras, Hilma,
_d1913-2006
_914873
245 1 3 _aLa tierra está bramando :
_bnovela /
_cHilma Contreras ; edición Leon Félix Batista.
250 _a4a ed,
260 _aSanto Domingo :
_bEdiciones Ferilibro,
_c2013.
300 _a91 p. :
_bil., retrs. ;
_c23 cm.
500 _aIncluye datos biográficos de la autora en las solapas
590 _aInventariado, 2019/BT
650 0 _aNovela dominicana
_9223
650 0 _aLiteratura dominicana.
_967
700 1 2 _aBatista, León Félix,
_d1964-
_eed.
_912031
910 _aValidado. Control de calidad. MFF
999 _c44380
_d44380